000 00452 a2200145 4500
999 _c9698
_d9698
050 _aKTL19.A35SOU1967
245 _aSouth African Law Reports:
_b1967 (2) April /
_cedited by Duncan G [et ...al]
264 _aCape Town:
_bJuta and CO,LTD,
_c1967
300 _a190p. :
500 _aincludes index
650 _alaw report
700 _aBarnett M
_eeditor
700 _aBuchanan J L
_eeditor
942 _2lcc
_cSERIALS
_hKTL19.A35
_iSOU
_kKTZ